000 00320nam a22001337a 4500
003 SGT
082 _a617.645
_bL25C
100 _aChauhan, Nidhi
245 _aLocal and Systematic Complications of Local Anesthesia
260 _bSGT University
_c2025
300 _a59
650 _aPediatric Dentistry
942 _2ddc
_cTH
999 _c30351
_d30351